Goes To Hollywood (Record n. 98993)
[ formato base ]
| 000 -LEADER | |
|---|---|
| fixed length control field | 03290njm a2200529Ia 4500 |
| 001 - CONTROL NUMBER | |
| control field | 37795 |
| 003 - CONTROL NUMBER IDENTIFIER | |
| control field | IT-RoPAU |
| 005 - DATE AND TIME OF LATEST TRANSACTION | |
| control field | 20220918181111.0 |
| 008 - FIXED-LENGTH DATA ELEMENTS--GENERAL INFORMATION | |
| fixed length control field | 131025s9999 xx 000 0 und d |
| 040 ## - CATALOGING SOURCE | |
| Original cataloging agency | IT-RoPAU |
| 040 ## - CATALOGING SOURCE | |
| Transcribing agency | IT-RoPAU |
| 999 ## - SYSTEM CONTROL NUMBERS (KOHA) | |
| Koha Dewey Subclass [OBSOLETE] | n.d. |
| 100 ## - MAIN ENTRY--PERSONAL NAME | |
| Personal name | AA.VV. |
| 9 (RLIN) | 794 |
| 100 ## - MAIN ENTRY--PERSONAL NAME | |
| Relator term | Autore musica |
| 9 (RLIN) | 19910 |
| 100 ## - MAIN ENTRY--PERSONAL NAME | |
| Miscellaneous information | Codice autore musica SPICS: 12000 |
| 9 (RLIN) | 796 |
| 245 ## - TITLE STATEMENT | |
| Title | Goes To Hollywood |
| 250 ## - EDITION STATEMENT | |
| Edition statement | 1a ed. |
| 260 ## - PUBLICATION, DISTRIBUTION, ETC. (IMPRINT) | |
| Place of publication, distribution, etc. | ROMA |
| 260 ## - PUBLICATION, DISTRIBUTION, ETC. (IMPRINT) | |
| Name of publisher, distributor, etc. | RCA (RADIO CORP. AMERICA) |
| Date of publication, distribution, etc. | 1986 [1a Ed.:1986 - Ed. Lingua Orig.: 1986] |
| 300 ## - PHYSICAL DESCRIPTION | |
| Extent | DISCO |
| 300 ## - PHYSICAL DESCRIPTION | |
| Dimensions | 41 minuti (Testo: pag.) |
| 500 ## - GENERAL NOTE | |
| General note | Musica strumentale: pianoforte. Arrangiamento |
| 505 ## - FORMATTED CONTENTS NOTE | |
| Formatted contents note | We Are the World (3:00) - Think of Laura (3:00) - Time After Time (4:00) - Dust In the Wind (4:00) - Strangers In Paradise (3:00) - The Shadow of Your Smile (4:00) - The Way I Loved You (3:00) - I Just Called To Say I Love You (4:00) - Stuck On You (4:00) - I Want To Know What Love Is (4:00) - This Guy's In Love With You (3:00) - Perhaps Love (3:00) - As Time Goes By (3:00) - Harmony (4:00) |
| 650 ## - SUBJECT ADDED ENTRY--TOPICAL TERM | |
| Topical term or geographic name as entry element | ARRANGIAMENTO [DISCHI] |
| Relator term | Codice MATERIA SPICS: 9950 |
| 9 (RLIN) | 19911 |
| 700 ## - ADDED ENTRY--PERSONAL NAME | |
| Personal name | Clayderman Richard |
| Relator term | Interprete |
| Miscellaneous information | Codice interprete SPICS: 7953 |
| 9 (RLIN) | 19912 |
| 700 ## - ADDED ENTRY--PERSONAL NAME | |
| Personal name | Clayderman Richard |
| Miscellaneous information | Codice autore SPICS: 7953 |
| Relator term | Autore |
| 9 (RLIN) | 19913 |
| 700 ## - ADDED ENTRY--PERSONAL NAME | |
| Personal name | Jackson Michael |
| Miscellaneous information | Codice autore musica SPICS: 11497 |
| Relator term | Autore musica |
| Name of part/section of a work | We Are the World |
| 9 (RLIN) | 19914 |
| 700 ## - ADDED ENTRY--PERSONAL NAME | |
| Personal name | Richie L. |
| Miscellaneous information | Codice autore SPICS: 17434 |
| Relator term | Autore |
| Name of part/section of a work | We Are the World |
| 9 (RLIN) | 19915 |
| 700 ## - ADDED ENTRY--PERSONAL NAME | |
| Personal name | Cross C. |
| Miscellaneous information | Codice autore musica SPICS: 17435 |
| Relator term | Autore musica |
| Name of part/section of a work | Think of Laura |
| 9 (RLIN) | 19916 |
| 700 ## - ADDED ENTRY--PERSONAL NAME | |
| Personal name | Lauper Cyndi |
| Miscellaneous information | Codice autore musica SPICS: 17436 |
| Relator term | Autore musica |
| Name of part/section of a work | Time After Time |
| 9 (RLIN) | 19917 |
| 700 ## - ADDED ENTRY--PERSONAL NAME | |
| Personal name | Hyman R. |
| Miscellaneous information | Codice autore SPICS: 17437 |
| Relator term | Autore |
| Name of part/section of a work | Time After Time |
| 9 (RLIN) | 19918 |
| 700 ## - ADDED ENTRY--PERSONAL NAME | |
| Personal name | Livgren K. |
| Miscellaneous information | Codice autore musica SPICS: 17438 |
| Relator term | Autore musica |
| Name of part/section of a work | Dust In the Wind |
| 9 (RLIN) | 19919 |
| 700 ## - ADDED ENTRY--PERSONAL NAME | |
| Personal name | Forrest G. |
| Miscellaneous information | Codice autore musica SPICS: 17439 |
| Relator term | Autore musica |
| Name of part/section of a work | Strangers In Paradise |
| 9 (RLIN) | 19920 |
| 700 ## - ADDED ENTRY--PERSONAL NAME | |
| Personal name | Wright Robert |
| Miscellaneous information | Codice autore SPICS: 17440 |
| Relator term | Autore |
| Name of part/section of a work | Strangers In Paradise |
| 9 (RLIN) | 19921 |
| 700 ## - ADDED ENTRY--PERSONAL NAME | |
| Personal name | Webster Frank |
| Miscellaneous information | Codice autore musica SPICS: 6055 |
| Relator term | Autore musica |
| Name of part/section of a work | The Shadow of Your Smile |
| 9 (RLIN) | 19922 |
| 700 ## - ADDED ENTRY--PERSONAL NAME | |
| Personal name | Mandel Johnny |
| Miscellaneous information | Codice autore SPICS: 11004 |
| Relator term | Autore |
| Name of part/section of a work | The Shadow of Your Smile |
| 9 (RLIN) | 19923 |
| 700 ## - ADDED ENTRY--PERSONAL NAME | |
| Personal name | Toussaint Olivier |
| Miscellaneous information | Codice autore musica SPICS: 14363 |
| Relator term | Autore musica |
| Name of part/section of a work | The Way I Loved You |
| 9 (RLIN) | 19924 |
| 700 ## - ADDED ENTRY--PERSONAL NAME | |
| Personal name | Wonder (Stevie) St. |
| Miscellaneous information | Codice autore musica SPICS: 11163 |
| Relator term | Autore musica |
| Name of part/section of a work | I Just Called To Say I Love You |
| 9 (RLIN) | 19925 |
| 700 ## - ADDED ENTRY--PERSONAL NAME | |
| Personal name | Richie L. |
| Miscellaneous information | Codice autore musica SPICS: 17434 |
| Relator term | Autore musica |
| Name of part/section of a work | Stuck On You |
| 9 (RLIN) | 19926 |
| 700 ## - ADDED ENTRY--PERSONAL NAME | |
| Personal name | Jones M. |
| Miscellaneous information | Codice autore musica SPICS: 17441 |
| Relator term | Autore musica |
| Name of part/section of a work | I Want To Know What Love Is |
| 9 (RLIN) | 19927 |
| 700 ## - ADDED ENTRY--PERSONAL NAME | |
| Personal name | David Hal |
| Miscellaneous information | Codice autore musica SPICS: 16108 |
| Relator term | Autore musica |
| Name of part/section of a work | This Guy's In Love With You |
| 9 (RLIN) | 19928 |
| 700 ## - ADDED ENTRY--PERSONAL NAME | |
| Personal name | Bacharach Burt |
| Miscellaneous information | Codice autore SPICS: 10740 |
| Relator term | Autore |
| Name of part/section of a work | This Guy's In Love With You |
| 9 (RLIN) | 19929 |
| 700 ## - ADDED ENTRY--PERSONAL NAME | |
| Personal name | Denver John |
| Miscellaneous information | Codice autore musica SPICS: 16459 |
| Relator term | Autore musica |
| Name of part/section of a work | Perhaps Love |
| 9 (RLIN) | 19930 |
| 700 ## - ADDED ENTRY--PERSONAL NAME | |
| Personal name | Hupfeld Herman |
| Miscellaneous information | Codice autore musica SPICS: 17443 |
| Relator term | Autore musica |
| Name of part/section of a work | As Time Goes By |
| 9 (RLIN) | 19931 |
| 700 ## - ADDED ENTRY--PERSONAL NAME | |
| Personal name | Senneville Paul De |
| Miscellaneous information | Codice autore musica SPICS: 14362 |
| Relator term | Autore musica |
| Name of part/section of a work | Harmony |
| 9 (RLIN) | 19932 |
| 942 ## - ADDED ENTRY ELEMENTS (KOHA) | |
| Koha item type | DISCHI |
| Source of classification or shelving scheme | Dewey Decimal Classification |
| Withdrawn status | Lost status | Damaged status | Not for loan | Home library | Current library | Date acquired | Total Checkouts | Full call number | Date last seen | Price effective from | Koha item type | Public note |
|---|---|---|---|---|---|---|---|---|---|---|---|---|
| Buone Condizioni | Not For Loan | SPICS-MEDIATECA | SPICS-MEDIATECA | 25/10/2013 | 37795 | 25/10/2013 | 25/10/2013 | DISCHI | Progr. Ins.: 13620 / N.Vol.: 1 / Copie: 1 - Copia rara: n.d. / date import: 01.01.2014 - By Epidotti, Trombetti, Vaglietti |